Ethnic politics and LTTE in Sri Lanka / (Record no. 72416)

MARC details
000 -LEADER
fixed length control field 00904nam a22002537a 4500
005 - DATE AND TIME OF LATEST TRANSACTION
control field 20121221145030.0
008 - FIXED-LENGTH DATA ELEMENTS--GENERAL INFORMATION
fixed length control field 121221t xxu||||| |||| 00| 0 eng d
010 ## - LCCN (DPL NO)
LC control number ENG-106480
020 ## - INTERNATIONAL STANDARD BOOK NUMBER
International Standard Book Number 9788178359199
Terms of availability 750.00
035 ## - SYSTEM CONTROL NUMBER
System control number EN-90013
037 ## - SOURCE OF ACQUISITION
Source of stock number/acquisition DBAD/PUB
040 ## - CATALOGING SOURCE
Original cataloging agency DPL
Language of cataloging ENG
082 ## - DEWEY DECIMAL CLASSIFICATION NUMBER
Classification number 320.95493
100 ## - MAIN ENTRY--PERSONAL NAME
9 (RLIN) 54518
Personal name Rajkumar Singh
245 ## - TITLE STATEMENT
Title Ethnic politics and LTTE in Sri Lanka /
Statement of responsibility, etc by Rajkumar Singh
260 ## - PUBLICATION, DISTRIBUTION, ETC. (IMPRINT)
Place of publication, distribution, etc Delhi
Name of publisher, distributor, etc Kalpaz Publications
Date of publication, distribution, etc 2012
270 ## - ADDRESS
Address C-30, Satyawati Nagar
City Delhi
Postal code 110052
Telephone number 9212729499
Electronic mail address kalpaz@hotmail.com
300 ## - PHYSICAL DESCRIPTION
Extent 266p.
Dimensions 23cm (Hb)
500 ## - GENERAL NOTE
General note Includes bibliographical references and index
650 ## - SUBJECT ADDED ENTRY--TOPICAL TERM
9 (RLIN) 25408
700 ## - ADDED ENTRY--PERSONAL NAME
9 (RLIN) 25410
942 ## - ADDED ENTRY ELEMENTS (KOHA)
Source of classification or shelving scheme Dewey Decimal Classification
Item type English Books
Call number suffix RAJ
Classification part 320.95493
Holdings
Withdrawn status Lost status Source of classification or shelving scheme Damaged status Not for loan Collection code Home library Current library Date acquired Source of acquisition Cost, normal purchase price Total Checkouts Full call number Barcode Date last seen Copy number Cost, replacement price Koha item type
    Dewey Decimal Classification     Non-fiction D.B.Act.Division D.B.Act.Division 21/12/2012 DBAD/PUB 750.00   320.95493 RAJ EN-90013 21/12/2012 1 750.00 English Books

© Delhi Public Library
Hit Counter
free hit counter